[Event "NOR-ch Class2"]
[Site "Oslo"]
[Date "2015.07.04"]
[Round "3"]
[White "Kristoffersen, Arne Skodvin"]
[Black "Eriksen, Marius"]
[Result "1-0"]
[WhiteElo "1644"]
[BlackElo "1550"]
[PlyCount "69"]
[EventDate "2015.07.04"]
[EventType "swiss"]
[EventRounds "9"]
[EventCountry "NOR"]
[SourceTitle "EXT 2017"]
[Source "ChessBase"]
[SourceDate "2016.10.25"]
[SourceVersion "1"]
[SourceVersionDate "2016.10.25"]
[SourceQuality "1"]

1. d4 d5 2. c4 c6 3. e3 Nf6 4. Nf3 Bg4 5. Nc3 e6 6. a3 Nbd7 7. Bd3 dxc4 8. Bxc4 Nb6 9. Be2 Be7 10. 0-0 0-0 11. e4 h6 12. Be3 Rc8 13. Ne5 Bxe2 14. Qxe2 Nbd7 15. Nd3 c5 16. Rad1 cxd4 17. Bxd4 Qa5 18. f4 Rfe8 19. e5 Nh7 20. f5 exf5 21. Rxf5 f6 22. Qh5 Qa6 23. Nd5 Qc6 24. N5f4 b6 25. e6 Ndf8 26. Qf7+ Kh8 27. Rc1 Bc5 28. Bxc5 bxc5 29. Rfxc5 Qb6 30. e7 Ng5 31. exf8Q+ Rxf8 32. Ng6+ Kh7 33. Nxf8+ Kh8 34. Qe7 Rd8 35. Nd7 1-0

[Event "Nord Odal Sommer GP B"]
[Site "Sagstua"]
[Date "2010.06.13"]
[Round "4"]
[White "Ristesund, Odd"]
[Black "Eriksen, Marius"]
[Result "0-1"]
[WhiteElo "1409"]
[BlackElo "1095"]
[PlyCount "112"]
[EventDate "2010.06.12"]
[EventType "swiss"]
[EventRounds "5"]
[EventCountry "NOR"]
[SourceTitle "EXT 2024"]
[Source "ChessBase"]
[SourceDate "2023.10.10"]
[SourceVersion "1"]
[SourceVersionDate "2023.10.10"]
[SourceQuality "1"]

1. e4 e5 2. Nf3 Nc6 3. Bb5 a6 4. Bxc6 bxc6 5. 0-0 d6 6. d4 exd4 7. Nxd4 c5 8. Nb3 Be6 9. Nc3 Be7 10. Nd5 Bxd5 11. exd5 Nf6 12. Na5 0-0 13. Re1 Qd7 14. Nc6 Rfe8 15. Bg5 h6 16. Nxe7+ Rxe7 17. Bxf6 Rxe1+ 18. Qxe1 gxf6 19. Qd2 Kg7 20. Qd3 Rb8 21. b3 Qb5 22. c4 Qd7 23. Qg3+ Kh7 24. Re1 Re8 25. Qd3+ Kg7 26. Re3 Rxe3 27. Qxe3 Qf5 28. Qc1 Qd3 29. h3 a5 30. Kh2 Qe2 31. Qf4 Qe5 32. Kg3 Kg6 33. Qxe5 fxe5 34. f4 f5 35. fxe5 dxe5 36. Kf3 Kg5 37. g3 e4+ 38. Ke3 h5 39. g4 hxg4 40. hxg4 Kxg4 41. a3 f4+ 42. Kxe4 f3 43. Ke5 f2 44. Ke6 f1Q 45. Kd7 Qf7+ 46. Kc6 Qe7 47. Kb5 Kf5 48. Kxa5 Ke5 49. Kb5 Qd6 50. b4 Qb6+ 51. Ka4 cxb4 52. axb4 Kd4 53. c5 Qa6+ 54. Kb3 Kxd5 55. c6 Qb5 56. Ka3 Qc4 0-1

[Event "Nord Odal Sommer GP B"]
[Site "Sagstua"]
[Date "2010.06.12"]
[Round "1"]
[White "Christiansen, Johan Sebastian"]
[Black "Eriksen, Marius"]
[Result "1-0"]
[WhiteElo "1523"]
[BlackElo "1095"]
[PlyCount "41"]
[EventDate "2010.06.12"]
[EventType "swiss"]
[EventRounds "5"]
[EventCountry "NOR"]
[SourceTitle "EXT 2024"]
[Source "ChessBase"]
[SourceDate "2023.10.10"]
[SourceVersion "1"]
[SourceVersionDate "2023.10.10"]
[SourceQuality "1"]

1. c4 e5 2. Nc3 Nf6 3. Nf3 Nc6 4. g3 d5 5. cxd5 Nxd5 6. Bg2 Be6 7. 0-0 Bd6 8. d3 f6 9. Qb3 Na5 10. Qa4+ c6 11. Nxd5 Bxd5 12. b4 b5 13. Qxa5 Qxa5 14. bxa5 Bb4 15. Bd2 Bxf3 16. Bxb4 Bxg2 17. Kxg2 Rc8 18. Rac1 Kf7 19. Rc5 Rc7 20. Rfc1 Rhc8 21. a6 1-0

[Event "Nord Odal Sommer GP B"]
[Site "Sagstua"]
[Date "2010.06.12"]
[Round "3"]
[White "Eriksen, Marius"]
[Black "Stanghelle, Anders"]
[Result "1/2-1/2"]
[WhiteElo "1095"]
[BlackElo "1142"]
[PlyCount "62"]
[EventDate "2010.06.12"]
[EventType "swiss"]
[EventRounds "5"]
[EventCountry "NOR"]
[SourceTitle "EXT 2024"]
[Source "ChessBase"]
[SourceDate "2023.10.10"]
[SourceVersion "1"]
[SourceVersionDate "2023.10.10"]
[SourceQuality "1"]

1. c4 f5 2. d4 Nf6 3. g3 e6 4. Nc3 Be7 5. Bg2 0-0 6. e3 d6 7. Nge2 Nbd7 8. 0-0 e5 9. Qb3 Kh8 10. Qc2 c6 11. Qxf5 exd4 12. Nxd4 Nc5 13. Qc2 Qe8 14. b3 Qh5 15. Qe2 Qg6 16. Ba3 Nce4 17. Nxe4 Nxe4 18. Bxe4 Qxe4 19. f3 Qg6 20. Qc2 Qh5 21. Qe4 Re8 22. Rad1 d5 23. cxd5 cxd5 24. Qc2 Bxa3 25. Nb5 Bh3 26. Nxa3 Bxf1 27. Kxf1 Qxf3+ 28. Kg1 Rxe3 29. Rc1 g6 30. Rf1 Qe4 31. Qf2 Re2 1/2-1/2